000 00675nam a2200289Ia 4500
005 20260401122342.0
008 008 250103s9999 xx 000 0 eng d
037 _aTB
040 _aEDL
040 _beng
040 _cEDL
041 _2eng
041 _aeng
084 _a306.7 CAR
084 _qEDL
100 _aCarpenter, Edward
_91233329
245 0 _aIntermediate Sex: Study of Some Transitional Types of Men and Women
245 0 _cCarpenter, Edward
260 _aNew-York
260 _bMitchell Kennerley
260 _c1912
300 _a167p
942 _cTB
942 _h306.7 CAR
999 _c1846716
_d1846716